[Event "Sardinia World op-A"]
[Site "Orosei"]
[Date "2024.05.02"]
[Round "7"]
[White "Kanyamarala, Tarun"]
[Black "Yankelevich, Lev"]
[Result "1/2-1/2"]
[WhiteElo "2293"]
[BlackElo "2413"]
[PlyCount "30"]
[EventDate "2024.04.27"]
[EventType "swiss"]
[EventRounds "9"]
[EventCountry "ITA"]
[SourceTitle "CB19_2024"]
[SourceDate "2024.05.08"]
[SourceVersion "1"]
[SourceVersionDate "2024.05.08"]
[SourceQuality "1"]

1. d4 Nf6 2. c4 e6 3. Nc3 Bb4 4. e3 b6 5. Nge2 Ne4 6. Qc2 Bb7 7. a3 Bxc3+ 8. Nxc3 Nxc3 9. Qxc3 0-0 10. b3 a5 11. Bb2 Qf6 12. f3 Qh4+ 13. g3 Qh6 14. Bg2 f5 15. 0-0 d6 1/2-1/2

[Event "Titled Tuesday intern op 02nd Apr Late"]
[Site "Chess.com INT"]
[Date "2024.04.02"]
[Round "2"]
[White "Yankelevich, Lev"]
[Black "Kleibel, Uwe"]
[Result "1/2-1/2"]
[WhiteElo "2413"]
[BlackElo "2302"]
[PlyCount "41"]
[EventDate "2024.04.02"]
[EventType "swiss (blitz)"]
[EventRounds "11"]
[EventCountry "USA"]
[SourceTitle "CB15_2024"]
[SourceDate "2024.04.10"]
[SourceVersion "1"]
[SourceVersionDate "2024.04.10"]
[SourceQuality "1"]

1. d4 d5 2. c4 e6 3. Nf3 Nf6 4. g3 dxc4 5. Bg2 c5 6. 0-0 Nc6 7. Na3 cxd4 8. Nxc4 Bc5 9. a3 a6 10. b4 Ba7 11. Bb2 0-0 12. Nfe5 Nxe5 13. Nxe5 Qd6 14. Nc4 Qc7 15. Rc1 e5 16. Na5 Qe7 17. Qc2 Bb6 18. Nc4 Ba7 19. Na5 Bb6 20. Nc4 Ba7 21. Na5 1/2-1/2

[Event "Titled Tuesday intern op 02nd Apr Late"]
[Site "Chess.com INT"]
[Date "2024.04.02"]
[Round "4"]
[White "Yankelevich, Lev"]
[Black "Seletsky, Grigory"]
[Result "1-0"]
[WhiteElo "2413"]
[BlackElo "2214"]
[PlyCount "73"]
[EventDate "2024.04.02"]
[EventType "swiss (blitz)"]
[EventRounds "11"]
[EventCountry "USA"]
[SourceTitle "CB15_2024"]
[SourceDate "2024.04.10"]
[SourceVersion "1"]
[SourceVersionDate "2024.04.10"]
[SourceQuality "1"]

1. d4 Nf6 2. c4 d6 3. Nc3 Bf5 4. Qb3 Qc8 5. g3 c6 6. Bg2 h6 7. Nf3 Nbd7 8. 0-0 e5 9. Be3 Be7 10. d5 c5 11. Rae1 0-0 12. Bc1 Ne4 13. Nxe4 Bxe4 14. Bh3 Qc7 15. Nd2 Bh7 16. e4 a6 17. a4 Rab8 18. Qd3 Bf6 19. Nb1 Rfe8 20. Nc3 Re7 21. f3 Qa5 22. Bd2 Qd8 23. Kg2 Nb6 24. Rb1 Na8 25. b4 b6 26. Rb2 cxb4 27. Rxb4 Reb7 28. Rfb1 a5 29. R4b3 Nc7 30. Be3 Na6 31. Qe2 Nc5 32. Bxc5 bxc5 33. Rxb7 Rxb7 34. Rxb7 Bg6 35. Qb2 Kh7 36. Rb8 Qe7 37. Qb7 1-0

[Event "Titled Tuesday intern op 02nd Apr Late"]
[Site "Chess.com INT"]
[Date "2024.04.02"]
[Round "8"]
[White "Zhigalko, Sergei"]
[Black "Yankelevich, Lev"]
[Result "0-1"]
[WhiteElo "2572"]
[BlackElo "2413"]
[PlyCount "102"]
[EventDate "2024.04.02"]
[EventType "swiss (blitz)"]
[EventRounds "11"]
[EventCountry "USA"]
[SourceTitle "CB15_2024"]
[SourceDate "2024.04.10"]
[SourceVersion "1"]
[SourceVersionDate "2024.04.10"]
[SourceQuality "1"]

1. e4 e5 2. Nf3 Nc6 3. Bc4 Nf6 4. d3 Be7 5. 0-0 0-0 6. Nbd2 d6 7. c3 Be6 8. Bb5 h6 9. Re1 a6 10. Bxc6 bxc6 11. d4 exd4 12. cxd4 a5 13. Qc2 Ra6 14. b3 a4 15. b4 a3 16. Re3 Qa8 17. h3 Rb8 18. Rb1 Ra4 19. b5 cxb5 20. d5 Bd7 21. Rbb3 b4 22. Nd4 Ra5 23. Qd1 Ba4 24. Nf5 Bf8 25. Rg3 Kh7 26. Qf3 Rc5 27. Rb1 Bc2 28. Ra1 Nxe4 29. Nxe4 Qxd5 30. Nf6+ gxf6 31. Qg4 Qd1+ 32. Qxd1 Bxd1 33. Ne3 Bh5 34. Bd2 Rg5 35. Nc4 Rxg3 36. fxg3 d5 37. Na5 c5 38. Rc1 c4 39. Nc6 Rb6 40. Nd4 Bc5 41. Be3 b3 42. axb3 cxb3 43. Rxc5 b2 44. Rc8 b1Q+ 45. Kh2 a2 46. g4 Bg6 47. Bxh6 a1Q 48. Ne6 Qh1+ 49. Kg3 Rb3+ 50. Kh4 Qae1+ 51. g3 Qxg3# 0-1

[Event "Vecindario Montalvo Memorial 16th"]
[Site "Vecindario"]
[Date "2024.03.27"]
[Round "5"]
[White "Fiorito, Francisco"]
[Black "Yankelevich, Lev"]
[Result "1-0"]
[WhiteElo "2368"]
[BlackElo "2412"]
[PlyCount "112"]
[EventDate "2024.03.23"]
[EventType "swiss"]
[EventRounds "9"]
[EventCountry "ESP"]
[SourceTitle "CB15_2024"]
[SourceDate "2024.04.10"]
[SourceVersion "1"]
[SourceVersionDate "2024.04.10"]
[SourceQuality "1"]

1. Nf3 Nf6 2. g3 g6 3. Bg2 Bg7 4. 0-0 0-0 5. c4 d6 6. Nc3 e5 7. d3 Re8 8. Rb1 a5 9. a3 c6 10. Bg5 h6 11. Bxf6 Bxf6 12. Nd2 Be6 13. b4 axb4 14. axb4 d5 15. cxd5 cxd5 16. e4 d4 17. Nd5 Nd7 18. Nc4 Bxd5 19. exd5 Nb6 20. Na5 Qd7 21. d6 Rab8 22. Rc1 Na4 23. Bc6 bxc6 24. Qxa4 Qxd6 25. Rxc6 Qd7 26. b5 Bg7 27. Nc4 e4 28. Nd6 Re5 29. Nxe4 Rbxb5 30. Qa6 Kh7 31. Rfc1 Qh3 32. Rc7 Qf5 33. Nd6 Qe6 34. Rxf7 Re1+ 35. Rxe1 Qxe1+ 36. Kg2 Rb1 37. Ne4 Qf1+ 38. Kf3 Qd1+ 39. Kf4 g5+ 40. Kf5 Qf3+ 41. Ke6 Qg4+ 42. Kd5 Qd1 43. Qa7 Qb3+ 44. Kd6 Qb6+ 45. Qxb6 Rxb6+ 46. Kd5 Rb2 47. Rc7 Rb1 48. Nc5 Kg6 49. Ne6 Bh8 50. g4 Rf1 51. Rc2 Rd1 52. Rc6 Kf7 53. Rc8 Bf6 54. Rc7+ Be7 55. Nxd4 Rxd3 56. Ke4 Rd2 1-0

[Event "Titled Tuesday intern op 06th Feb Early"]
[Site "Chess.com INT"]
[Date "2024.02.06"]
[Round "2"]
[White "Yankelevich, Lev"]
[Black "Lagarde, Maxime"]
[Result "0-1"]
[WhiteElo "2413"]
[BlackElo "2631"]
[PlyCount "66"]
[EventDate "2024.02.06"]
[EventType "swiss (blitz)"]
[EventRounds "11"]
[EventCountry "USA"]
[SourceTitle "CB07_2024"]
[SourceDate "2024.02.14"]
[SourceVersion "1"]
[SourceVersionDate "2024.02.14"]
[SourceQuality "1"]

1. e4 c6 2. Nf3 d5 3. d3 Qc7 4. Nc3 dxe4 5. dxe4 e5 6. a4 Nf6 7. Bc4 Bb4 8. 0-0 0-0 9. Qe2 Bg4 10. h3 Bh5 11. Nd1 Nbd7 12. c3 Be7 13. Ne3 Nc5 14. Nf5 Ncxe4 15. Nxe7+ Qxe7 16. g4 Bg6 17. Re1 Rad8 18. Nh4 Nd6 19. Nxg6 hxg6 20. Bb3 Rfe8 21. Bg5 Qc7 22. Qf3 Qb6 23. Ba2 e4 24. Qf4 Nd5 25. Bxd5 cxd5 26. Bxd8 Rxd8 27. Rad1 Nc4 28. b3 Nb2 29. Rd4 Nd3 30. Rxd3 exd3 31. b4 d4 32. Re7 Qf6 33. Qxf6 gxf6 0-1

[Event "Titled Tuesday intern op 06th Feb Early"]
[Site "Chess.com INT"]
[Date "2024.02.06"]
[Round "1"]
[White "Zainullina, Nataliya"]
[Black "Yankelevich, Lev"]
[Result "0-1"]
[WhiteElo "2046"]
[BlackElo "2413"]
[PlyCount "114"]
[EventDate "2024.02.06"]
[EventType "swiss (blitz)"]
[EventRounds "11"]
[EventCountry "USA"]
[SourceTitle "CB07_2024"]
[SourceDate "2024.02.14"]
[SourceVersion "1"]
[SourceVersionDate "2024.02.14"]
[SourceQuality "1"]

1. e4 d6 2. d4 Nf6 3. Nc3 e5 4. Bc4 Be7 5. dxe5 dxe5 6. Qxd8+ Bxd8 7. Nf3 Nbd7 8. 0-0 c6 9. a4 Ba5 10. Bd2 0-0 11. Rfe1 h6 12. Rad1 Re8 13. Nb1 Bc7 14. h3 Nc5 15. Nc3 Ba5 16. b3 Bb4 17. Na2 Bxd2 18. Nxd2 Be6 19. Bxe6 Nxe6 20. f3 Nd4 21. c3 Ne6 22. Kf2 Nf4 23. Nc4 Rad8 24. Nc1 Ng6 25. Nd6 Re7 26. Rd2 Red7 27. Red1 Ne8 28. Nc4 Rxd2+ 29. Rxd2 Rxd2+ 30. Nxd2 Nd6 31. g3 h5 32. Ke3 h4 33. gxh4 Nxh4 34. Nd3 f6 35. Nc5 g5 36. b4 Ng2+ 37. Kf2 Nf4 38. Kg3 Ne2+ 39. Kg4 Nxc3 40. h4 gxh4 41. Kxh4 b6 42. Nd7 Kf7 43. a5 bxa5 44. bxa5 Ne2 45. Nc5 Nd4 46. Kg3 Ke7 47. f4 Ne2+ 48. Kg4 Nxf4 49. Ndb3 Ne6 50. Nd3 Nxe4 51. Kf5 Nd6+ 52. Kg4 Nb5 53. Nd2 Nbd4 54. Nc4 e4 55. Nb4 f5+ 56. Kg3 f4+ 57. Kf2 e3+ 0-1

[Event "Titled Tuesday intern op 23rd Jan Late"]
[Site "Chess.com INT"]
[Date "2024.01.23"]
[Round "6"]
[White "Aliyev, Ravan"]
[Black "Yankelevich, Lev"]
[Result "1-0"]
[WhiteElo "2311"]
[BlackElo "2408"]
[PlyCount "101"]
[EventDate "2024.01.23"]
[EventType "swiss (blitz)"]
[EventRounds "11"]
[EventCountry "USA"]
[SourceTitle "CB05_2024"]
[SourceDate "2024.01.31"]
[SourceVersion "1"]
[SourceVersionDate "2024.01.31"]
[SourceQuality "1"]

1. b3 d6 2. Bb2 e5 3. c4 g6 4. Nc3 Bg7 5. g3 f5 6. Bg2 Nf6 7. d3 0-0 8. Nf3 h6 9. 0-0 g5 10. c5 Nc6 11. cxd6 cxd6 12. Rc1 Qe8 13. Ba3 Qd8 14. Qd2 Be6 15. Nb5 Ne8 16. d4 e4 17. d5 exf3 18. exf3 a6 19. Nc3 Qa5 20. Bb2 Bxc3 21. Rxc3 Qxd5 22. Qe2 Nd4 23. Qd1 Nb5 24. Rd3 Qc5 25. f4 g4 26. Bxb7 Rb8 27. Bg2 d5 28. Re1 Bf7 29. Re5 Ng7 30. Bxd5 Qc7 31. a4 Nd6 32. Ba3 Bxd5 33. Rdxd5 Ne4 34. Bxf8 Rxf8 35. Rd4 Rc8 36. Rc4 Qb7 37. Qd5+ Qxd5 38. Rxc8+ Kh7 39. Rxd5 h5 40. Rd7 h4 41. Rcc7 Kg6 42. Rxg7+ Kf6 43. gxh4 Ke6 44. h5 Nd2 45. h6 Nf3+ 46. Kh1 Ne1 47. h7 Nd3 48. h8Q Nxf2+ 49. Kg2 Nh3 50. Qe8+ Kd5 51. Qe5# 1-0

[Event "Titled Tuesday intern op 23rd Jan Late"]
[Site "Chess.com INT"]
[Date "2024.01.23"]
[Round "5"]
[White "Yankelevich, Lev"]
[Black "Bonin, Jay R"]
[Result "1/2-1/2"]
[WhiteElo "2408"]
[BlackElo "2166"]
[PlyCount "105"]
[EventDate "2024.01.23"]
[EventType "swiss (blitz)"]
[EventRounds "11"]
[EventCountry "USA"]
[SourceTitle "CB05_2024"]
[SourceDate "2024.01.31"]
[SourceVersion "1"]
[SourceVersionDate "2024.01.31"]
[SourceQuality "1"]

1. d4 Nf6 2. Nf3 d6 3. Nc3 Bf5 4. Nh4 Bd7 5. Nf3 Nc6 6. e4 e5 7. Bb5 exd4 8. Nxd4 Be7 9. 0-0 0-0 10. Bxc6 bxc6 11. Qf3 c5 12. Nf5 Bxf5 13. Qxf5 Qc8 14. Qxc8 Rfxc8 15. b3 Nd7 16. Nd5 Bd8 17. Bb2 c6 18. Ne3 Bf6 19. Bxf6 Nxf6 20. f3 Re8 21. Rfe1 d5 22. exd5 cxd5 23. Kf2 a5 24. Nf5 g6 25. Ne3 a4 26. Rad1 axb3 27. axb3 Ra2 28. Nxd5 Rxc2+ 29. Kg3 Nh5+ 30. Kh3 Rxe1 31. Rxe1 Rd2 32. g4 Rxd5 33. gxh5 Rxh5+ 34. Kg3 Rd5 35. Re4 Rd3 36. b4 cxb4 37. Rxb4 h5 38. h4 Kg7 39. Rb7 Kf6 40. Ra7 Ke6 41. Ra6+ Ke5 42. Ra7 f6 43. Rg7 Kf5 44. Rf7 Ke6 45. Rg7 Kf5 46. Rf7 Ra3 47. Rf8 g5 48. hxg5 Kxg5 49. Rg8+ Kf5 50. Rh8 Kg5 51. Rg8+ Kf5 52. Rh8 Kg5 53. Rg8+ 1/2-1/2

[Event "Titled Tuesday intern op 23rd Jan Late"]
[Site "Chess.com INT"]
[Date "2024.01.23"]
[Round "4"]
[White "Yankelevich, Lev"]
[Black "Mendoza, Rodrigo"]
[Result "0-1"]
[WhiteElo "2408"]
[BlackElo "2129"]
[PlyCount "112"]
[EventDate "2024.01.23"]
[EventType "swiss (blitz)"]
[EventRounds "11"]
[EventCountry "USA"]
[SourceTitle "CB05_2024"]
[SourceDate "2024.01.31"]
[SourceVersion "1"]
[SourceVersionDate "2024.01.31"]
[SourceQuality "1"]

1. e4 c6 2. d4 d5 3. e5 Bf5 4. h4 Qb6 5. g4 Bd7 6. h5 e6 7. f4 c5 8. c3 Nc6 9. Nf3 Nh6 10. Bh3 f6 11. a3 cxd4 12. cxd4 Rc8 13. Nc3 Nf7 14. Rh2 Be7 15. Na4 Qc7 16. Re2 0-0 17. Nc3 fxe5 18. fxe5 Qd8 19. Be3 Bh4+ 20. Kd2 Na5 21. b3 Ng5 22. Nxh4 Nxh3 23. Ng2 Ng5 24. Rc1 Qe7 25. Nb1 Ne4+ 26. Ke1 Bb5 27. b4 Rxc1 28. Qxc1 Bxe2 29. Kxe2 Nc4 30. Bf4 Qd7 31. Nc3 Nxc3+ 32. Qxc3 Qb5 33. Qd3 Qa4 34. h6 Qxa3 35. Qc2 Qh3 36. Kf2 Rxf4+ 37. Nxf4 Qh2+ 38. Ng2 Qxg2+ 39. Kxg2 Ne3+ 40. Kh2 Nxc2 41. b5 Nxd4 42. hxg7 Nxb5 43. Kg3 Kxg7 44. Kf4 Nc3 45. g5 a6 46. g6 hxg6 47. Ke3 a5 48. Kd3 Ne4 49. Kc2 g5 50. Kd3 g4 51. Kc2 g3 52. Kd3 g2 53. Kc2 g1Q 54. Kb3 Qb6+ 55. Ka4 Nc3+ 56. Ka3 Qb4# 0-1

[Event "Fagernes Autumn op"]
[Site "Fagernes"]
[Date "2023.10.10"]
[Round "3"]
[White "Bogdanov, Artyom"]
[Black "Yankelevich, Lev"]
[Result "1/2-1/2"]
[WhiteElo "2270"]
[BlackElo "2399"]
[PlyCount "52"]
[EventDate "2023.10.08"]
[EventType "swiss"]
[EventRounds "9"]
[EventCountry "NOR"]
[SourceTitle "Mega2024 Update 01"]
[Source "Chessbase"]
[SourceDate "2023.11.12"]
[SourceVersion "1"]
[SourceVersionDate "2023.11.12"]
[SourceQuality "1"]

1. e4 c6 2. Nc3 d5 3. Nf3 dxe4 4. Nxe4 Nf6 5. Qe2 Na6 6. d4 Qd5 7. Nxf6+ gxf6 8. g3 Bg4 9. Bg2 Nb4 10. c3 Nc2+ 11. Qxc2 Bxf3 12. Bxf3 Qxf3 13. 0-0 h5 14. h4 Rg8 15. Re1 e6 16. Qe4 Qxe4 17. Rxe4 Bd6 18. Re3 Rg4 19. Rf3 Ke7 20. Kg2 Rag8 21. Kh3 Re4 22. Re3 Rgg4 23. Bd2 Rxe3 24. Bxe3 f5 25. f4 Rg8 26. Kg2 Rc8 1/2-1/2

[Event "EU-Cup 38th"]
[Site "Durres"]
[Date "2023.10.01"]
[Round "1.1"]
[White "Pijpers, Arthur"]
[Black "Yankelevich, Lev"]
[Result "0-1"]
[WhiteElo "2433"]
[BlackElo "2399"]
[PlyCount "86"]
[EventDate "2023.10.01"]
[EventType "team-swiss"]
[EventRounds "7"]
[EventCountry "ALB"]
[SourceTitle "EXT 2024"]
[Source "ChessBase"]
[SourceDate "2023.10.10"]
[SourceVersion "1"]
[SourceVersionDate "2023.10.10"]
[SourceQuality "1"]
[WhiteTeam "Leiden LSG"]
[BlackTeam "Differdange"]
[WhiteTeamCountry "NED"]
[BlackTeamCountry "LUX"]

1. e4 e6 2. d4 d5 3. Nc3 Nf6 4. e5 Nfd7 5. f4 c5 6. Nf3 Nc6 7. Be3 a6 8. Ne2 Qb6 9. Qc1 Be7 10. c3 0-0 11. g3 Qa5 12. a3 Nxd4 13. Nexd4 cxd4 14. Nxd4 Qc7 15. Bg2 Nc5 16. 0-0 Bd7 17. Qc2 Rad8 18. Rae1 Kh8 19. f5 exf5 20. Nxf5 Bb5 21. Rf4 Nd3 22. Nxe7 Nxf4 23. gxf4 Qxe7 24. Qf2 Rfe8 25. Bc5 Qd7 26. f5 Bd3 27. Bh3 Qc6 28. e6 fxe6 29. f6 Bf5 30. Be7 Bxh3 31. Qg3 Rxe7 32. fxe7 Qc5+ 33. Kh1 Qxe7 34. Qxh3 e5 35. Qe3 e4 36. Rd1 h6 37. Qd4 Qf7 38. Qe3 Qf6 39. c4 dxc4 40. Rxd8+ Qxd8 41. Qxe4 Qd1+ 42. Kg2 Qd2+ 43. Kf3 Qd3+ 0-1

[Event "Leca da Palmeira 2nd"]
[Site "Leca da Palmeira"]
[Date "2023.07.31"]
[Round "1"]
[White "Sperat Czar, Nicolas"]
[Black "Yankelevich, Lev"]
[Result "0-1"]
[WhiteElo "2055"]
[BlackElo "2442"]
[PlyCount "66"]
[EventDate "2023.07.31"]
[EventType "swiss"]
[EventRounds "9"]
[EventCountry "POR"]
[SourceTitle "CBM 215 Extra"]
[Source "ChessBase"]
[SourceDate "2023.09.30"]
[SourceVersion "1"]
[SourceVersionDate "2023.09.30"]
[SourceQuality "1"]

1. e4 e5 2. Nf3 Nc6 3. Nc3 Nf6 4. h3 d5 5. exd5 Nxd5 6. Bb5 Nxc3 7. bxc3 Bd6 8. 0-0 0-0 9. d4 exd4 10. cxd4 h6 11. Re1 Qf6 12. a4 Nb4 13. Ne5 Bf5 14. Re2 Bxe5 15. Rxe5 Rfd8 16. Bb2 a6 17. Bc4 Nc6 18. Rd5 Qg6 19. Rxd8+ Rxd8 20. Ra3 Bxc2 21. Qd2 Ne5 22. Bf1 Be4 23. Rg3 Qc6 24. Qa5 Ng6 25. h4 Bd5 26. Qb4 Qd6 27. Qe1 Nxh4 28. Ba3 Qe6 29. Qxe6 Bxe6 30. Be7 Rxd4 31. Bf6 Rd1 32. Rxg7+ Kf8 33. Rh7 Ng6 0-1

[Event "Pardubice Czech op-A 34th"]
[Site "Pardubice"]
[Date "2023.07.28"]
[Round "8"]
[White "Yankelevich, Lev"]
[Black "Aggarwal, Vansh"]
[Result "1/2-1/2"]
[WhiteElo "2442"]
[BlackElo "1908"]
[PlyCount "73"]
[EventDate "2023.07.21"]
[EventType "swiss"]
[EventRounds "9"]
[EventCountry "CZE"]
[SourceTitle "CBM 215 Extra"]
[Source "ChessBase"]
[SourceDate "2023.09.30"]
[SourceVersion "1"]
[SourceVersionDate "2023.09.30"]
[SourceQuality "1"]

1. Nf3 d5 2. g3 Nf6 3. Bg2 e6 4. 0-0 Be7 5. c4 0-0 6. d4 dxc4 7. Qc2 a6 8. Qxc4 b5 9. Qc2 Bb7 10. Bd2 Bd6 11. Bg5 Nbd7 12. Nbd2 c5 13. Bxf6 gxf6 14. Ne4 Qe7 15. Nxd6 Qxd6 16. dxc5 Qxc5 17. Qd2 Rfd8 18. Rac1 Qb6 19. Qf4 Rac8 20. h4 Kg7 21. e4 h6 22. Rfd1 Nc5 23. Nh2 e5 24. Qg4+ Kf8 25. Qe2 Rxd1+ 26. Rxd1 Rd8 27. Rxd8+ Qxd8 28. Ng4 Qd3 29. Qxd3 Nxd3 30. Nxf6 Bc8 31. f4 Nxb2 32. f5 Kg7 33. Ne8+ Kf8 34. Nf6 Kg7 35. Ne8+ Kf8 36. Nf6 Kg7 37. Ne8+ 1/2-1/2

[Event "Pardubice rapid op 34th"]
[Site "Pardubice"]
[Date "2023.07.20"]
[Round "6"]
[White "Yankelevich, Lev"]
[Black "Rasik, Vitezslav"]
[Result "1/2-1/2"]
[WhiteElo "2442"]
[BlackElo "2413"]
[PlyCount "21"]
[EventDate "2023.07.19"]
[EventType "swiss (rapid)"]
[EventRounds "9"]
[EventCountry "CZE"]
[SourceTitle "CBM 215 Extra"]
[Source "ChessBase"]
[SourceDate "2023.09.30"]
[SourceVersion "1"]
[SourceVersionDate "2023.09.30"]
[SourceQuality "1"]

1. d4 d6 2. Nf3 g6 3. g3 Bg7 4. Bg2 Nf6 5. c4 0-0 6. Nc3 Nc6 7. Bf4 Bf5 8. d5 Na5 9. b3 c5 10. Nd2 Nh5 11. Rc1 1/2-1/2

[Event "Bastia op"]
[Site "Bastia"]
[Date "2023.07.10"]
[Round "9"]
[White "Krasenkow, Michal"]
[Black "Yankelevich, Lev"]
[Result "1/2-1/2"]
[WhiteElo "2524"]
[BlackElo "2442"]
[PlyCount "157"]
[EventDate "2023.07.09"]
[EventType "swiss"]
[EventRounds "9"]
[EventCountry "FRA"]
[SourceTitle "CBM 215 Extra"]
[Source "ChessBase"]
[SourceDate "2023.09.30"]
[SourceVersion "1"]
[SourceVersionDate "2023.09.30"]
[SourceQuality "1"]

1. d4 Nf6 2. c4 e6 3. Nf3 d5 4. Nc3 Bb4 5. Qa4+ Nc6 6. e3 0-0 7. Qc2 b6 8. a3 Bxc3+ 9. Qxc3 Ba6 10. b3 Na5 11. Bd3 Rc8 12. c5 Bxd3 13. Qxd3 bxc5 14. dxc5 Ne4 15. b4 Nc4 16. Ra2 a5 17. Rc2 f5 18. Nd4 Qf6 19. 0-0 c6 20. f3 Ng5 21. h4 Nf7 22. g3 Nfe5 23. Qc3 Nd7 24. f4 Qg6 25. Rg2 Rfe8 26. Nf3 Nf6 27. Ne5 Ne4 28. Qd4 Nxe5 29. Qxe5 axb4 30. axb4 Rb8 31. Ba3 Qf6 32. Qxf6 gxf6 33. g4 fxg4 34. Rxg4+ Kf7 35. Rb1 Ra8 36. Bb2 Reb8 37. Bd4 Ra4 38. b5 Rxb5 39. Rxb5 cxb5 40. Rg2 Rc4 41. Rb2 b4 42. h5 Nc3 43. c6 Nb5 44. Kf2 Ke7 45. Bb6 Na3 46. c7 Kd7 47. Rb3 Nb5 48. Ba5 Nxc7 49. Bxb4 e5 50. fxe5 fxe5 51. Bf8 Rh4 52. h6 Ne6 53. Bg7 Nxg7 54. hxg7 Rg4 55. Rb7+ Ke6 56. Kf3 Rg1 57. Ra7 Kf6 58. Rd7 Rxg7 59. Rxd5 Rf7 60. Ke4 h5 61. Rxe5 Re7 62. Rxe7 Kxe7 63. Kf5 h4 64. Kg4 Ke6 65. Kxh4 Ke5 66. Kg3 Ke4 67. Kf2 Ke5 68. Kf3 Kf5 69. e4+ Ke5 70. Ke3 Ke6 71. Kf4 Kf6 72. e5+ Ke6 73. Ke4 Ke7 74. Kf5 Kf7 75. e6+ Ke7 76. Ke5 Ke8 77. Kf6 Kf8 78. e7+ Ke8 79. Ke6 1/2-1/2

[Event "Kuressaare Saaremaa Rapid 4th"]
[Site "Kuressaare"]
[Date "2023.06.03"]
[Round "3"]
[White "Fridman, Daniel"]
[Black "Yankelevich, Lev"]
[Result "1-0"]
[WhiteElo "2574"]
[BlackElo "2442"]
[PlyCount "101"]
[EventDate "2023.06.03"]
[EventType "swiss (rapid)"]
[EventRounds "11"]
[EventCountry "EST"]
[SourceTitle "CBM 214 Extra"]
[Source "ChessBase"]
[SourceDate "2023.07.31"]
[SourceVersion "1"]
[SourceVersionDate "2023.07.31"]
[SourceQuality "1"]

1. Nf3 d5 2. g3 Nc6 3. Bg2 e5 4. d3 Nf6 5. 0-0 Bd6 6. c3 a5 7. Qc2 0-0 8. e4 Re8 9. Re1 Bg4 10. Nbd2 Qd7 11. Nf1 d4 12. N1d2 a4 13. cxd4 exd4 14. Nc4 Bb4 15. Bd2 Bh3 16. Bxb4 Nxb4 17. Qd2 Bxg2 18. Kxg2 Nc6 19. Rac1 h6 20. Red1 Re6 21. Qf4 Rae8 22. Qf5 Ne7 23. Qc5 Nc6 24. Qb5 Ra8 25. Qxb7 Rb8 26. Qa6 Nb4 27. Qa7 Nc6 28. Qxa4 Qe8 29. a3 g5 30. b4 Nh5 31. h3 Rg6 32. b5 Nd8 33. Nxd4 Ne6 34. Nxe6 Qxe6 35. b6 cxb6 36. Qb5 Kh7 37. Qf5 Qxf5 38. exf5 Rf6 39. Ne3 Ng7 40. g4 Ra8 41. Rc3 Rd6 42. Rb1 Ne8 43. Nc4 Rc6 44. Rxb6 Rac8 45. Rxc6 Rxc6 46. a4 Nc7 47. Rb3 Nd5 48. a5 Nf4+ 49. Kf3 Nxd3 50. Rxd3 Rxc4 51. Ra3 1-0